Guía para la capacitación en la formulación de proyectos de inversión agrícola y rural / (Record no. 173608)
[ view plain ]
| 000 -CABECERA | |
|---|---|
| campo de control de longitud fija | 01333nam a2200337Ia 4500 |
| 001 - NÚMERO DE CONTROL | |
| campo de control | dia_3109 |
| 003 - IDENTIFICADOR DEL NÚMERO DE CONTROL | |
| campo de control | CHAP |
| 005 - FECHA Y HORA DE LA ÚLTIMA TRANSACCIÓN | |
| campo de control | 20230314121319.0 |
| 008 - DATOS DE LONGITUD FIJA--INFORMACIÓN GENERAL | |
| campo de control de longitud fija | 220117s1988 xx 000 0 und d |
| 010 ## - NÚMERO DE CONTROL DE LA BIBLIOTECA DEL CONGRESO | |
| Número de control de LC | 173608 |
| 040 ## - FUENTE DE LA CATALOGACIÓN | |
| Centro/agencia transcriptor | CHAP |
| 082 ## - NÚMERO DE LA CLASIFICACIÓN DECIMAL DEWEY | |
| Número de clasificación | 332.67 F36 1988 |
| 110 ## - ENTRADA PRINCIPAL--NOMBRE DE ENTIDAD CORPORATIVA | |
| Nombre de entidad corporativa o nombre de jurisdicción como elemento de entrada | FAO |
| 9 (RLIN) | 39428 |
| 245 ## - MENCIÓN DE TÍTULO | |
| Título | Guía para la capacitación en la formulación de proyectos de inversión agrícola y rural / |
| Mención de responsabilidad, etc. | FAO |
| 260 ## - PUBLICACIÓN, DISTRIBUCIÓN, ETC. | |
| Lugar de publicación, distribución, etc. | Roma, Italia : |
| Nombre del editor, distribuidor, etc. | FAO, |
| Fecha de publicación, distribución, etc. | 1988 |
| 300 ## - DESCRIPCIÓN FÍSICA | |
| Extensión | 5 v. |
| 500 ## - NOTA GENERAL | |
| Nota general | La biblioteca tiene los v. 0, 1, 2 ,3, 4 y 5 |
| 503 ## - NOTA DE HISTORIA BIBLIOGRÁFICA (BK CF MU) [OBSOLETO] | |
| Nota de historia bibliográfica | I.181700 (Colección) |
| 504 ## - NOTA DE BIBLIOGRAFÍA, ETC. | |
| Nota de bibliografía, etc. | Incluye bibliografías |
| 505 ## - NOTA DE CONTENIDO CON FORMATO | |
| Nota de contenido con formato | v. 0. Introducción \ v.Preparación \ v.2. Reconocimiento \ v.3. Diseño \ v.4. Análisis de los resultados esperados \ v.5. Redacción del documento de formulación del proyecto |
| 590 ## - NOTA LOCAL (RLIN) | |
| Nota local | HD1434 F36 1988 |
| 650 ## - PUNTO DE ACCESO ADICIONAL DE MATERIA--TÉRMINO DE MATERIA | |
| Término de materia o nombre geográfico como elemento de entrada | Agricultura |
| Subdivisión general | Aspectos económicos |
| -- | Países de la Unión Europea |
| 9 (RLIN) | 151006 |
| 650 ## - PUNTO DE ACCESO ADICIONAL DE MATERIA--TÉRMINO DE MATERIA | |
| Término de materia o nombre geográfico como elemento de entrada | Agriculture |
| Subdivisión general | Economical aspects |
| -- | European Union countries |
| 9 (RLIN) | 154078 |
| 650 ## - PUNTO DE ACCESO ADICIONAL DE MATERIA--TÉRMINO DE MATERIA | |
| Término de materia o nombre geográfico como elemento de entrada | Inversiones |
| 9 (RLIN) | 60178 |
| 650 ## - PUNTO DE ACCESO ADICIONAL DE MATERIA--TÉRMINO DE MATERIA | |
| Término de materia o nombre geográfico como elemento de entrada | Investment |
| 9 (RLIN) | 154079 |
| 710 ## - PUNTO DE ACCESO ADICIONAL--NOMBRE DE ENTIDAD CORPORATIVA | |
| Nombre de entidad corporativa o nombre de jurisdicción como elemento de entrada | Organización de las Naciones Unidas para la Agricultura y la Alimentación (FAO) |
| 9 (RLIN) | 144278 |
| 901 ## - ELEMENTOS DE DATOS A LOCAL LDA (RLIN) | |
| a | 332.67 F36 1988 |
| 902 ## - ELEMENTOS DE DATOS B LOCAL, LDB (RLIN) | |
| a | M |
| 905 ## - ELEMENTOS DE DATOS E LOCAL, LDE (RLIN) | |
| a | 5222271988 IT aimn8226223322SPA16 |
| 942 ## - ELEMENTOS DE PUNTO DE ACCESO ADICIONAL (KOHA) | |
| Tipo de ítem Koha | Libro |
| Fuente del sistema de clasificación o colocación | Dewey Decimal Classification |
| Estado de retiro | Estado de pérdida | Fuente del sistema de clasificación o colocación | Estado dañado | Restricciones de uso | No para préstamo | Código de colección | Localización permanente | Ubicación/localización actual | Fecha de adquisición | Fuente de adquisición | Coste, precio normal de compra | Enumeración/cronología de publicación seriada | Número de inventario | Total de préstamos | Signatura topográfica completa | Código de barras | Fecha visto por última vez | Número de copia | Tipo de ítem Koha |
|---|---|---|---|---|---|---|---|---|---|---|---|---|---|---|---|---|---|---|---|
| Dewey Decimal Classification | Préstamo interno | General | Ingenieria Agroindustrial | Ingenieria Agroindustrial | 07/02/1996 | Compra Librería Patena F. 1040 / R. (07/02/1996) | 46.33 | Volumen: 4 | 181700 | 332.67 F36 1988 | dia_004239 | 18/01/2022 | 1 | Libro | |||||
| Dewey Decimal Classification | Préstamo interno | General | Ingenieria Agroindustrial | Ingenieria Agroindustrial | 07/02/1996 | Compra Librería Patena F. 1040 / R. (07/02/1996) | 46.33 | 181700 | 332.67 F36 1988 | dia_004235 | 18/01/2022 | 1 | Libro | ||||||
| Dewey Decimal Classification | Préstamo interno | General | Ingenieria Agroindustrial | Ingenieria Agroindustrial | 07/02/1996 | Compra Librería Patena F. 1040 / R. (07/02/1996) | 46.33 | Volumen: 1 | 181700 | 332.67 F36 1988 | dia_004236 | 18/01/2022 | 1 | Libro | |||||
| Dewey Decimal Classification | Préstamo interno | General | Ingenieria Agroindustrial | Ingenieria Agroindustrial | 07/02/1996 | Compra Librería Patena F. 1040 / R. (07/02/1996) | 46.33 | Volumen: 2 | 181700 | 332.67 F36 1988 | dia_004237 | 18/01/2022 | 1 | Libro | |||||
| Dewey Decimal Classification | Préstamo interno | General | Ingenieria Agroindustrial | Ingenieria Agroindustrial | 07/02/1996 | Compra Librería Patena F. 237 / R. (04/10/1993) | 46.33 | Volumen: 3 | 181700 | 332.67 F36 1988 | dia_004238 | 18/01/2022 | 1 | Libro | |||||
| Dewey Decimal Classification | Préstamo interno | General | Ingenieria Agroindustrial | Ingenieria Agroindustrial | 07/02/1996 | Compra Librería Patena F. 1040 / R. (07/02/1996) | 46.33 | Volumen: 5 | 181700 | 332.67 F36 1988 | dia_004240 | 18/01/2022 | 1 | Libro |
